[Event "Botvinnik Memorial m 5'"]
[Site "Moscow"]
[Date "2001.12.09"]
[Round "4"]
[White "Kasparov, Garry"]
[Black "Kramnik, Vladimir"]
[Result "1/2-1/2"]
[WhiteElo "2838"]
[BlackElo "2802"]
[Annotator "Dautov,R"]
[PlyCount "48"]
[EventDate "2001.12.09"]
[EventType "match (blitz)"]
[EventRounds "10"]
[EventCountry "RUS"]
[SourceTitle "CBM 087"]
[Source "ChessBase"]
[SourceDate "2002.03.21"]
[SourceVersion "1"]
[SourceVersionDate "2002.03.21"]
[SourceQuality "1"]

{Eigentlich ist es nicht üblich, Blitzpartien zu kommentieren, dennoch dürfte
in diesem Fall eine Ausnahme erlaubt sein. Die Partie wurde auf höchstem
Niveau gespielt und ist eröffnungstheoretisch wichtig.} 1. d4 Nf6 2. c4 e6 3.
Nf3 d5 4. Nc3 Be7 5. Bf4 O-O 6. e3 Nbd7 {Ohne zu übertreiben kan man behaupten,
daß dies z. Zt. die sicherste Fortsetzung für Schwarz ist.} 7. a3 c5 8. cxd5
Nxd5 9. Nxd5 exd5 10. dxc5 Nxc5 11. Be5 {Schwarz plante 11...Bf6. Weiß
versucht, diese Drohung zu entschärfen und plant den Übergang ins Endspiel.} (
11. Be2 Bf6 12. Be5 Bxe5 $2 (12... Bg4 $1 $11) 13. Nxe5 Be6 14. Nf3 Qb6 15. Qd4
Nb3 16. Qxb6 axb6 17. Rd1 $14 {Gurevich,M-Golod,V/Cappelle la Grande 1999})
11... Bf6 12. Bxf6 Qxf6 13. Qd4 ({Nach} 13. Rc1 {kann Schwarz seinen
Entwicklungsvorsprung folgendermaßen zur Geltung bringen:} Ne6 14. Rc2 Rd8 15.
Rd2 d4 $1 16. Nxd4 Nxd4 17. Rxd4 Be6 18. Be2 Rxd4 19. Qxd4 Qxd4 20. exd4 Rd8
21. Bf3 b6 $11 {Yakovich,Y-Nielsen,P/Bergen 2000}) 13... Qxd4 14. Nxd4 {
Auf den ersten Blick hat Weiß ein angenehmes Endspiel erreicht. Wegen seines
Entwicklungsrückstandes wird er die Deisolierung des Bd5 nicht verhindern
können.} Bd7 $1 {Ein genauer Zug: zuerst wird ein Turm entwickelt, erst dann
folgt Nc5-e6.} (14... Ne6 15. Be2 (15. Rd1 $14) 15... Nxd4 16. exd4 Be6 17. Kd2
$14 {/\Bf3, Rc1}) 15. f3 (15. Be2 Rac8 16. O-O Ne6 $11) (15. Kd2 Ne4+ $11)
15... Rfc8 16. Kd2 Ne6 $11 17. Bd3 Nxd4 18. exd4 {Schwarz hat sein Ziel
erreicht, sein Isolani wird ihm keine Sorgen mehr bereiten. Die Stellung ist
totremislich.} f6 19. h4 g6 20. Rac1 Kf7 21. Rc5 b6 22. Rxc8 (22. Rxd5 $4 Ke6
23. Be4 Bc6 $19) 22... Rxc8 23. h5 Kg7 24. f4 Bf5 1/2-1/2

[Event "Botvinnik Memorial m 5'"]
[Site "Moscow"]
[Date "2001.12.09"]
[Round "7"]
[White "Kramnik, Vladimir"]
[Black "Kasparov, Garry"]
[Result "0-1"]
[WhiteElo "2802"]
[BlackElo "2838"]
[Annotator "Huzman,A"]
[PlyCount "68"]
[EventDate "2001.12.09"]
[EventType "match (blitz)"]
[EventRounds "10"]
[EventCountry "RUS"]
[SourceTitle "CBM 087"]
[Source "ChessBase"]
[SourceDate "2002.03.21"]
[SourceVersion "1"]
[SourceVersionDate "2002.03.21"]
[SourceQuality "1"]

1. d4 d5 2. c4 dxc4 3. Nf3 e6 4. e3 a6 5. Bxc4 c5 6. O-O Nf6 7. Bb3 Nc6 8. Nc3
cxd4 9. exd4 Be7 10. Re1 O-O 11. Bf4 Na5 12. d5 Nxb3 13. Qxb3 Nxd5 14. Rad1
Nxf4 15. Rxd8 Rxd8 16. Rd1 Nd5 17. Ne5 (17. Nxd5 exd5 18. h3 b5 19. Rxd5 Be6
20. Rxd8+ Rxd8 21. Qc2 {1/2-1/2 Gelfand,B-Shirov,A/New Delhi IND 2000/The Week
in Chess 318 (21)}) 17... Bf6 18. Nc4 {[%cal Gc4b6]} Rb8 $1 (18... Nxc3 19.
Rxd8+ Bxd8 20. Nb6 $1) 19. Na5 $6 (19. Nxd5 exd5 20. Ne3 Be6 (20... d4 21. Nd5
Be5 22. Re1 Bd6 $11) 21. Nxd5 Bxb2 22. Qxb2 Rxd5 23. Rxd5 Bxd5 $11) (19. Nb6
Nxb6 20. Qxb6 Bd7 21. Ne4 Be7 $11 {/=/+}) 19... Bd7 20. Ne4 (20. Nxd5 exd5 21.
Rxd5 b6 22. Nc4 Be6 $17 {[%csl Rg1][%cal Ye6b3]}) 20... Be7 21. Nc4 Bb5 $17 22.
Ne5 Be8 23. h3 b5 24. Qg3 Rbc8 {Well organised Black pieces dominate on the
position.} 25. Kh1 a5 26. h4 a4 27. Ng5 h6 28. Ngf3 Nf6 29. Rxd8 Rxd8 30. Qf4
Rd1+ 31. Kh2 Bd6 $19 {[%cal Yd6h2]} 32. g3 {[%mdl 4]} Bc6 $1 33. g4 Rd3 $1 34.
Kg1 Bxf3 0-1

[Event "FRA-chT1"]
[Site "France"]
[Date "2002.02.03"]
[Round "3.1"]
[White "Tkachiev, Vladislav"]
[Black "Kramnik, Vladimir"]
[Result "1/2-1/2"]
[WhiteElo "2634"]
[BlackElo "2809"]
[PlyCount "52"]
[EventDate "2002.02.??"]
[EventType "team"]
[EventRounds "11"]
[EventCountry "FRA"]
[SourceTitle "EXT 2003"]
[Source "ChessBase"]
[SourceDate "2002.11.25"]
[SourceVersion "1"]
[SourceVersionDate "2002.11.25"]
[SourceQuality "1"]
[WhiteTeam "Cannes"]
[BlackTeam "Paris NAO"]
[WhiteTeamCountry "FRA"]
[BlackTeamCountry "FRA"]

1. c4 c5 2. g3 g6 3. Bg2 Bg7 4. Nc3 Nc6 5. a3 d6 6. Rb1 e6 7. d3 Nge7 8. Bd2 b6
9. b4 Bb7 10. b5 Na5 11. Nf3 a6 12. O-O O-O 13. Qc2 axb5 14. Nxb5 Nac6 15. Rb3
Na5 16. Rbb1 Nac6 17. Rb3 d5 18. cxd5 Nxd5 19. Nc3 Na5 20. Rbb1 c4 21. Nxd5
Bxd5 22. Bb4 cxd3 23. Qxd3 Re8 24. Bc3 Ba2 25. Qxd8 Raxd8 26. Rb2 Bxc3 1/2-1/2

[Event "Eurotel Trophy"]
[Site "Prague"]
[Date "2002.04.29"]
[Round "1.2"]
[White "Kramnik, Vladimir"]
[Black "Hracek, Zbynek"]
[Result "1-0"]
[WhiteElo "2809"]
[BlackElo "2596"]
[Annotator "Gershon,A"]
[PlyCount "79"]
[EventDate "2002.04.28"]
[EventType "k.o. (rapid)"]
[EventRounds "5"]
[EventCountry "CZE"]
[SourceTitle "CBM 089"]
[Source "ChessBase"]
[SourceDate "2002.08.12"]
[SourceVersion "1"]
[SourceVersionDate "2002.08.12"]
[SourceQuality "1"]

1. d4 Nf6 2. c4 e6 3. Nf3 b6 4. g3 Ba6 5. b3 Bb7 6. Bg2 Bb4+ 7. Bd2 c5 8. O-O
O-O 9. Bxb4 cxb4 10. Qd3 d5 {an attempt to solve all the problems immediately.
However, by closing his 'b7' bishop black allows white a very unpleasant
domination.} ({the more common is:} 10... d6 {in all lines white gets a small
but steady edge.} 11. Nbd2 {and now:} Re8 (11... Qe7 12. e4 e5 13. Ne1 $1 {
A very strong knight transfer} Re8 14. Nc2 a5 15. Rfe1 Nbd7 16. Rad1 Rad8 17.
Nf1 $14 {1-0 Chuchelov,V-Villeneuve,A/Le Touquet 1993/EXT 97 (29)}) (11... a5
12. Nh4 Bxg2 13. Nxg2 Nc6 14. Ne4 a4 15. Ne3 Nxe4 16. Qxe4 Qd7 17. d5 Na5 18.
dxe6 fxe6 19. Nc2 $14 {1-0 Van Wely,L-Gelfand,B/Monte Carlo 1999/CBM 69 ext 
(88)}) 12. Rad1 Nbd7 13. Nh4 Bxg2 14. Nxg2 e5 15. e4 Nf8 16. Ne3 Ne6 17. dxe5
dxe5 18. Nd5 Nc5 19. Qb1 a5 $14 {1/2-1/2 Dautov,R-Nikolic,P/Moscow RUS 2001/
The Week in Chess 369 (42). (41)}) 11. Nbd2 Qe7 12. Rfc1 Nbd7 13. Ne5 Nxe5 (
13... dxc4 14. Ndxc4 Bxg2 15. Kxg2 {[%csl Rc6] the weakness of c6 is extremely
important here, determining whites advantage.}) (13... Rfc8 {was worth
considering}) 14. dxe5 Nd7 {[%csl Re5]} 15. cxd5 exd5 ({an attempt to win a
pawn fails to:} 15... Nxe5 16. Qe3 exd5 (16... Ng4 17. Qd4 $16 {[%cal Gd5d6]})
17. f4 Ng6 18. Qxe7 Nxe7 19. Rc7 {winning}) 16. f4 Nc5 17. Qd4 {[%csl Rd5]} Ne6
18. Qf2 Rfc8 $6 ({better was:} 18... g6 {preventing white from gaining more
space.}) 19. f5 $1 Nf8 20. Qd4 $14 {white has a complete domination now} Rc5 $1
{black must fight for the 'c' file.} 21. Nf3 ({the pawn, of course, is
untouchable:} 21. Qxb4 $4 Rxc1+ 22. Rxc1 Qxb4) 21... Rac8 22. Re1 Rc3 23. Kh1 {
Prophylaxis.. white is removing the king from potential dangers on the g1-a7
diagonal.} Re8 24. f6 gxf6 $2 (24... Qc5 25. Qg4 Ne6 26. Ng5 g6 {with an
approximate equality}) 25. exf6 Qe4 26. Rad1 {black king will be weak even in
the endgame.} Re6 (26... Rc2 $142 27. Qxe4 dxe4 (27... Rxe4 28. Nd4 $16) 28.
Nd4 Rc5 29. Rf1 $14 {/+/-}) 27. Rf1 Ba6 28. Qxe4 Rxe4 (28... dxe4 29. Nd4 (29.
Ng5 {leads only to a draw} Re5 30. Nxe4 Bxe2 31. Nxc3 bxc3 32. Rde1 c2 $1 33.
Rc1 Bxf1 34. Bxf1 Rc5 35. Bd3 Nd7 $11) 29... Re5 30. Nf5 $16) 29. Nd4 Re5 30.
Nf5 $1 {[%cal Gf5h6] after this black's position is falling apart} Ng6 (30...
Bxe2 31. Nh6+ Kh8 32. Nxf7+ Kg8 33. Nxe5 $18) 31. Rxd5 (31. Nh6+ Kf8 32. Rxd5 {
-the game}) 31... Rxd5 32. Bxd5 {[%csl Rf7]} Ne5 33. Nh6+ Kf8 34. Rf5 Re3 (
34... Nd7 35. Nxf7 Bxe2 36. Ng5 $18) 35. Rg5 {[%cal Gg5g8]} Ng6 (35... Ke8 36.
Rg8+ Kd7 37. Nxf7 Nxf7 38. Bxf7 {black's position is hopeless}) 36. Bxf7 Rxe2
37. Bxg6 Bb7+ 38. Kg1 Rg2+ 39. Kf1 Rxh2 40. Bh5 {the mate is inevitable} 1-0

[Event "Eurotel Trophy"]
[Site "Prague"]
[Date "2002.04.30"]
[Round "2.1"]
[White "Kramnik, Vladimir"]
[Black "Karpov, Anatoly"]
[Result "1/2-1/2"]
[WhiteElo "2809"]
[BlackElo "2690"]
[Annotator "Golod,V"]
[PlyCount "49"]
[EventDate "2002.04.28"]
[EventType "k.o. (rapid)"]
[EventRounds "5"]
[EventCountry "CZE"]
[SourceTitle "CBM 089"]
[Source "ChessBase"]
[SourceDate "2002.08.12"]
[SourceVersion "1"]
[SourceVersionDate "2002.08.12"]
[SourceQuality "1"]

1. d4 Nf6 2. c4 e6 3. Nc3 Bb4 4. Qc2 O-O 5. a3 Bxc3+ 6. Qxc3 b6 7. Nf3 Bb7 8.
e3 d6 9. b4 {[%mdl 4]} (9. b3 {See comments to Georgiev,K-Kacheishvili,G/
Istanbul,2000/CBM 80(0-1)(Golod,V)(37)}) 9... Nbd7 10. Bb2 c5 ({Was checked in
the previous meeting of the same contenders:} 10... Ne4 11. Qb3 $5 {See
comments to Kramnik,V-Karpov,A/Dos Hermanas,1997/CBM 59(1-0)(Kramnik,V) (35)} (
11. Qc2 f5 {See comments to Chekhov,V-Mozaliov,S/Moscow,1998/CBM 63(1-0)
(Finkel,A)(36)})) 11. Be2 Qe7 $5 ({Also deserves attention:} 11... Ne4 {
See comments to Hort,V-Timman,J/Tilburg,1979(1/2-1/2)(Timman,J)(34)}) ({and} 
11... Rc8 12. dxc5 bxc5 $6 (12... dxc5 $142) 13. b5 e5 14. O-O Ne4 15. Qd3 f5
16. Rad1 Ndf6 17. Nd2 $14 {Browne,W-Ljubojevic,L/Mar del Plata,1981(0-1)(51)})
12. O-O Rfc8 $5 ({Is a possible continuations of the play:} 12... Rfd8 $5 {
See comments to Gurevich,M-Rozentalis,E/Belfort,1997/CBM 62(1/2-1/2)(Ribli,Z)
(46)}) ({and} 12... a5 $6 {See comments to Timman,J-Karpov,A/Hoogeveen,1999/
CBM 74(1-0)(Ftacnik,L)(45)}) 13. dxc5 dxc5 $146 {From my point of view, this
move is much better than} (13... bxc5 14. b5 e5 15. a4 Qe6 16. a5 {[%csl Ga5,
Gb5,Gc4]} Rab8 17. Rfd1 h6 18. Nd2 $14 {Timman,J-Kortschnoj,V/Hilversum,1982
(1-0)(27)}) 14. Rfd1 {<->d} Ne8 $1 {[%mdl 256] It is necessary to place PP on
on black squares for restriction Bb2.} 15. b5 {Now white closes a queen side
and receive advantage in space.} f6 {[%csl Rb2,Ye8,Yf6,Yg7]} 16. a4 {[%cal
Ga4a5]} a5 $1 {[%mdl 256]} 17. bxa6 {Otherwise black can exchange rooks on
<->d and achieve complete equality.} Rxa6 18. a5 Rca8 19. Qd2 {[%csl Rd7]} ({
After:} 19. axb6 Rxa1 (19... Nd6 $5 {[%csl Rb6][%cal Gd6e4]}) 20. Rxa1 (20.
Bxa1 $5) 20... Rxa1+ 21. Bxa1 Nxb6 {white has a minimal positional advantage.})
19... Bc6 20. Bc3 {Vladimir Kramnik does not want to exchange all rooks.} bxa5
21. Rxa5 Nb6 $5 {[%csl Yb6][%cal Ga4c3,Yb6a4]} 22. Rb1 $6 ({Can be recommended:
} 22. Ne1 Na4 $140 23. Rxa6 Rxa6 24. Ba1 {+/=/=} (24. Ba5 $143 {[%csl Rd8]} Qa7
25. Bd8 $13)) 22... Rxa5 23. Bxa5 Na4 $1 {[%csl Ra5][%cal Ge7a7]} 24. Rd1 ({
Also equality,after:} 24. Qe1 Qa7 25. Bd2 Nd6 $11 {[%cal Gd6e4]}) 24... Qa7 25.
Bc3 $11 ({Hardly it was necessary to continue a game:} 25. Bd8 Qb7 $13 {
[%csl Rd8]}) 1/2-1/2

[Event "Eurotel Trophy"]
[Site "Prague"]
[Date "2002.04.30"]
[Round "2.2"]
[White "Karpov, Anatoly"]
[Black "Kramnik, Vladimir"]
[Result "1-0"]
[WhiteElo "2690"]
[BlackElo "2809"]
[Annotator "Gershon,A"]
[PlyCount "101"]
[EventDate "2002.04.28"]
[EventType "k.o. (rapid)"]
[EventRounds "5"]
[EventCountry "CZE"]
[SourceTitle "CBM 089"]
[Source "ChessBase"]
[SourceDate "2002.08.12"]
[SourceVersion "1"]
[SourceVersionDate "2002.08.12"]
[SourceQuality "1"]

1. d4 {Ftacnik. Cifuentes Parada} Nf6 2. c4 e6 3. Nf3 b6 4. g3 Ba6 5. b3 Bb4+
6. Bd2 Be7 7. Bg2 c6 8. Bc3 d5 9. Nbd2 {White is coming black to this line now,
after the main lines have proven to be ok for black.} Nbd7 10. O-O O-O 11. Re1
c5 12. e4 dxe4 (12... dxc4 $143 {Cifuentes Parada} 13. Nxc4 Bb7 (13... cxd4 $6
{Cifuentes Parada} 14. Nxd4 Rc8 15. e5 Nd5 16. Bxd5 $1 exd5 17. Nf5 Nc5 (17...
dxc4 {Cifuentes Parada} 18. Qg4 Bg5 19. Rad1 h5 20. Qxh5 g6 21. Qh3 gxf5 22. e6
Bf6 23. e7 Bxc3 24. exd8=Q Rfxd8 25. Re7 $18) 18. Ncd6 Rc7 19. Qg4 $1 (19. Qxd5
{Cifuentes Parada} Nd3) 19... g6 20. Nh6+ Kg7 21. Ndf5+ Kh8 22. e6+ f6 23. Nf7+
Rxf7 24. exf7 Ne4 $8 25. Rxe4 $1 dxe4 26. Rd1 $18 Qf8 (26... Bd3 {Cifuentes
Parada} 27. Qxe4 $18) 27. Nxe7 Rxc3 (27... Qxe7 {Cifuentes Parada} 28. Qe6 $1
$18) 28. Qe6 Kg7 29. Nd5 Rf3 30. Qxe4 Rf5 31. Nc7 Bc8 32. Ne8+ Kh8 33. Nd6 Re5
34. Qf4 Re6 35. Nxc8 Qxc8 36. Qh6 {1-0, Van Wely,L-Lautier,J/ Monaco rapid 1999
}) 14. e5 Nd5 15. Bd2 Rc8 16. a4 $1 a6 17. Qe2 Ba8 18. Rac1 cxd4 19. Nxd4 Nc5
20. Red1 Qd7 21. h4 {/\Bg5} h6 22. Qg4 $14 {Kasparov,G-Zarnicki,P/Buenos Aires
1997}) 13. Nxe4 Bb7 14. Nfg5 ({the other main alternative is:} 14. Ned2 {
is giving white a small edge.} a6 (14... cxd4 15. Nxd4 Bxg2 16. Kxg2 Qc7 17. b4
Rfd8 18. Qe2 Rac8 19. Rac1 Nb8 20. a3 Rd7 21. N2f3 $14 {1/2-1/2 Psakhis,
L-Pogorelov,R/Moscow RUS 2002/The Week in Chess 379 (25)}) (14... Re8 $1 {
Cifuentes Parada} 15. Qe2 Qc7 16. Rad1 Rad8 17. dxc5 Bxc5 18. Ng5 Bxg2 19. Kxg2
h6 20. Nge4 Be7 21. f4 Nxe4 22. Nxe4 f5 $1 $11 {Kramnik,V-Polgar,J/Wijk aan
Zee 2000}) 15. Qe2 cxd4 16. Nxd4 Bxg2 17. Kxg2 Qc7 18. N2f3 Qb7 19. b4 Rfc8 20.
Rac1 Bf8 21. Kg1 Rc7 22. a3 Re8 23. Bb2 $14 {1-0 Kasparov,G-Ivanchuk,V/Tilburg
1989/CBM 15 (41)}) 14... cxd4 15. Bxd4 Nxe4 {Going into immediate
simplifications.} ({the main move is;} 15... Qc7 {after which black doesn't
have any real problems} 16. Nxf6+ Bxf6 17. Bxb7 Qxb7 18. Qf3 (18. Ne4 Bxd4 19.
Qxd4 Rad8 20. Rad1 Qc7 (20... Qa8 {Cifuentes Parada} 21. Qc3 Nb8 22. Nf6+ {
1/2-1/2 Kasparov,G-Karpov,A/Moscow 1984/MainBase (22)} (22. Qf3 $5 {Cifuentes
Parada})) 21. Qd6 Qxd6 22. Nxd6 Nb8 23. Nb7 Rxd1 24. Rxd1 Rc8 25. Kf1 {1/2-1/2
Lautier,J-Gelfand,B/Pamplona 1999/CBM 75 (25)}) 18... Qc7 19. Bxf6 Nxf6 20. Ne4
Nxe4 21. Rxe4 Rad8 22. Rd1 Rxd1+ 23. Qxd1 Rd8 $11 {1/2-1/2 Gyimesi,Z-Almasi,Z/
Budapest 2000/EXT 2001 (37)}) 16. Nxe4 Qc7 17. Nc3 $1 Rad8 $2 {Black is
missing a simple move, which will hand the initiative to white for a very long
time.  Ftacnik: 'The first independent move of Kramnik is a serious positional
mistake, Karpov is wittily gaining advantage of bishop's pair. '} ({much
better was:} 17... Bxg2 18. Kxg2 Bf6 $14 (18... Qc6+ $11 {Ftacnik})) 18. Nd5 $1
{Keeping Bg2 alive and creating a strong passed pawn} Bxd5 (18... exd5 {Ftacnik
} 19. Rxe7 dxc4 (19... Qd6 {Ftacnik} 20. Qe2 Bc6 21. Rd1 $16) 20. Qg4 g6 21.
Qh4 h5 22. Bd5 $1 Bxd5 23. Rxd7 Qxd7 24. Qf6 $18) 19. cxd5 e5 (19... Bc5 {
Ftacnik} 20. Bb2 exd5 21. b4 Bd6 22. Rc1 Qb8 23. Qxd5 $14) 20. Rc1 Qb8 (20...
Bc5 {Ftacnik} 21. Bxc5 bxc5 22. d6 Qa5 23. Qc2 $16) (20... Qd6 {Ftacnik} 21.
Bb2 Qf6 22. Rc7 $16) 21. Bb2 $16 {White's position is clearly better. All his
pieces are well placed. A pawn on d5 gives white a very important control over
'c6' and with it the 'c' file.} Bc5 (21... Rc8 22. Rxc8 Rxc8 23. Bh3 {the
advantage of a bishop pair - they hit much further than knights}) (21... Bb4 {
Ftacnik} 22. Re2 f5 23. Rc6 $16) 22. a3 {Removing the block from the 'c' file.}
a5 23. Rc4 {Trying to provoke b5 which would considerably weaken the 'c' file.}
f5 {black cannot just sit and wait for white's invasion. He's trying to block
one long diagonal , thus reducing white's pressure on the queen side. '?!'
Ftacnik.} (23... b5 $6 {[%csl Rc5,Rc6]} 24. Rc2) (23... Qd6 $5 {Ftacnik} 24.
Qa1 Rfe8 25. Rd1 $14) 24. b4 {'!' Ftacnik.} axb4 25. axb4 Bd6 26. Qd2 e4 (26...
b5 {Ftacnik} 27. Rc6 Nb6 28. Bf1 $14) 27. Rc6 {Ftacnik: 'White has a dangerous
free "d" pawn, excellent pieces and bishop's pair, the defence is not a
grateful task for black. '} Rde8 ({a natural} 27... Be5 {is very strongly met
with} 28. d6 $1 Kh8 29. Rd1 $16) (27... b5 {Ftacnik} 28. Rd1 $1 (28. Bd4 {
Ftacnik} Ne5 29. Bxe5 (29. Rb6 {Ftacnik} Qc7 30. Rxb5 Nd3 $15) 29... Bxe5 30.
Rd1 Bd6 $11) 28... Rf7 (28... Ne5 $2 {Ftacnik} 29. Bxe5 Bxe5 30. d6 $18) 29.
Bd4 $14) 28. Bd4 Ne5 $2 {Black has probably missed white's 30th move. After
this his position becomes hopeless, especially when playing Karpov.} (28... Be5
29. Be3 $16) (28... b5 {Ftacnik} 29. Qg5 Rf7 30. Bc5 $16) (28... Rf7 $5 {
Ftacnik} 29. Rec1 $14) 29. Rxb6 Qd8 (29... Nc4 {Ftacnik} 30. Rxb8 Nxd2 31. Rb6
Rd8 32. Rd1 Nc4 33. Rc6 $18) 30. Rxd6 Qxd6 31. Bc5 Qd7 32. Bxf8 Rxf8 {Now it's
time to begin pushing the pawns.} 33. Qd4 {Improving the queen} Qd6 (33... Nd3
{Ftacnik} 34. Ra1 Qd6 35. Ra7 $18) 34. b5 Rb8 (34... Rc8 $5 {with the idea
Nd7-b6, doesn't work due to:} 35. Rb1 Nd7 36. b6 $1 Rb8 37. b7 Nc5 38. Rb5 Nxb7
39. Qa7 $18) (34... Nd7 35. Rc1 $18) 35. Rb1 Rb6 {Now, when all black pieces
are tied, Karpov opens a second front.} (35... Nc6 {Ftacnik} 36. Qc4 Ne5 37.
Qb3 Nd3 38. Bf1 $16) 36. h3 h6 (36... g6 {Ftacnik} 37. Rb4 $16) 37. g4 $1 {
[%csl Re4,Rf5] Ftacnik: 'Karpov is very correctly opening up the position. In
case white bishop manages to enter the play blockading the two passed pawns
will become unmanagable.'} fxg4 (37... g6 {[%csl Rg8] would weaken the king
too much}) 38. Qxe4 gxh3 39. Bxh3 {Black must take care of his 8th rank now}
Rb8 40. Be6+ Kh8 {and white can push the pawns now! Black is lost} 41. b6 Nd7
42. Bxd7 Qxd7 43. Qe6 Qb7 (43... Qxe6 44. dxe6 Kg8 45. b7 Kf8 46. f4 g6 47. Kf2
Ke7 48. Rb6 Kd8 49. e7+ Kxe7 50. Rxg6 {is easily won}) 44. Rc1 $1 Qa6 ({
of course not:} 44... Qxb6 45. Rc8+ Kh7 46. Qg8+ Kg6 47. Rxb8) 45. Rc6 Rf8 46.
Qe7 Rg8 (46... Qa1+ 47. Kg2 Rg8 48. b7 {is same like in the game}) 47. b7 Qb5
48. Rc8 Qb1+ 49. Kh2 Qb2 50. Kg2 Qb4 {A blunder, but black could have resigned
as well.} 51. Qxb4 1-0

[Event "Barcelona sim"]
[Site "Barcelona"]
[Date "2002.06.19"]
[Round "?"]
[White "Kramnik, Vladimir"]
[Black "Alsina Leal, Daniel"]
[Result "1-0"]
[WhiteElo "2809"]
[BlackElo "2101"]
[PlyCount "63"]
[EventDate "2002.06.19"]
[EventType "simul"]
[EventRounds "1"]
[EventCountry "ESP"]
[SourceTitle "CBM 088 Extra"]
[Source "ChessBase"]
[SourceDate "2002.07.01"]
[SourceVersion "2"]
[SourceVersionDate "2002.07.01"]
[SourceQuality "1"]

1. d4 Nf6 2. c4 e6 3. Nc3 Bb4 4. e3 O-O 5. Bd3 d5 6. cxd5 exd5 7. Nge2 c5 8.
O-O b6 9. a3 Bxc3 10. bxc3 Ba6 11. Bxa6 Nxa6 12. f3 Re8 13. Ng3 Nc7 14. Qd3 Ne6
15. Bb2 Qc7 16. Rac1 Qb7 17. Rce1 Rad8 18. Kh1 Qc6 19. Qd2 Nc7 20. Nf5 Re6 21.
dxc5 bxc5 22. c4 Qd7 23. Qc2 g6 24. Nh6+ Kg7 25. cxd5 Ncxd5 26. Ng4 Qe7 27. e4
Kg8 28. exd5 Rxe1 29. Nxf6+ Kf8 30. Nxh7+ Kg8 31. Nf6+ Kf8 32. Qf2 1-0

[Event "Barcelona sim"]
[Site "Barcelona"]
[Date "2002.06.19"]
[Round "?"]
[White "Kramnik, Vladimir"]
[Black "Castells Briones, Miquel"]
[Result "1-0"]
[WhiteElo "2809"]
[BlackElo "2084"]
[PlyCount "133"]
[EventDate "2002.06.19"]
[EventType "simul"]
[EventRounds "1"]
[EventCountry "ESP"]
[SourceTitle "CBM 088 Extra"]
[Source "ChessBase"]
[SourceDate "2002.07.01"]
[SourceVersion "2"]
[SourceVersionDate "2002.07.01"]
[SourceQuality "1"]

1. e4 e6 2. d4 d5 3. Nc3 Bb4 4. exd5 exd5 5. Bd3 c6 6. Nge2 Ne7 7. O-O O-O 8.
Ng3 Nd7 9. Bg5 Qc7 10. a3 Bd6 11. Qh5 Ng6 12. Nf5 Re8 13. Rae1 Rxe1 14. Rxe1
Nf6 15. Bxf6 Bxf5 16. Bxf5 gxf6 17. Re3 Kg7 18. Rh3 Rh8 19. Qh6+ Kg8 20. Re3
Qd8 21. Ne2 Bf8 22. Qh5 Qd6 23. g3 b6 24. h4 Qd8 25. Qf3 Bh6 26. Rc3 Qd6 27.
Qg4 Kf8 28. Kf1 Rg8 29. Bxg6 hxg6 30. Qc8+ Kg7 31. Qxc6 Qd8 32. Rf3 Re8 33. Nc3
Bd2 34. Ne2 Qe7 35. Qb5 Qe6 36. Ng1 Re7 37. Qe2 Bc1 38. Qxe6 fxe6 39. Ne2 Bd2
40. Rd3 Bh6 41. Rc3 Kf7 42. Rc8 Bd2 43. a4 Rd7 44. f4 Bb4 45. Ng1 Bd6 46. Nf3
Kg7 47. Ke2 Kf7 48. b3 Bb4 49. c3 Bd6 50. Ke3 Ke7 51. Rh8 Kf7 52. Rh7+ Ke8 53.
Rxd7 Kxd7 54. g4 Ke7 55. c4 Kf7 56. cxd5 exd5 57. h5 gxh5 58. gxh5 Kg7 59. Nh4
Bf8 60. Nf5+ Kh7 61. Kf3 Bb4 62. Ne3 Bc3 63. Nxd5 Bxd4 64. Ke4 Bb2 65. Kf5 Kh6
66. Nxf6 Bc3 67. Ke6 1-0